000 00671nam a22001935i 4500
001 48270
003 ES-MaACL
005 20230906161725.0
007 t|
008 950711s1884 sp ||||1| spa d
040 _aCAM
_bspa
_cCAM
080 _a616.932-08
100 1 _aChicote y González, Juan.
_938499
245 1 0 _aGuía práctica de higiene y desinfección, con las precauciones que deben tomarse en el caso de una invasión colérica /
_credactada por Juan Chicote y González...
260 _aMadrid :
_b[s.n.],
_c1884 (
_fEscuela Tip. del Hospicio)
300 _a16 p. ;
_c17 cm.
650 4 _aCólera-
_xTratamiento.
_9157013
852 _aES-MaACL
_jT-764-F-3
999 _c48270
_d48270